00751nam a2200169 a 450000100100000000500170001000800410002704000250006811100800009324500880017324600610026126000300032230000280035249000780038050000630045865000600052100003629520200930075643.0120112s1991 fr a 100 0 spa d aDO-SdBNPbspacBNPHU0 aCongreso Iberoamericano de Educación Matemátican(1 :d1990 :cSevilla)10aMemorias del Primer Congreso Iberoamericano de Educación Matemática :b[actas].13a1er. Congreso Iberoamericano de Educación Matemática aParís :bUNESCO,c1991. a301 p. :bil. ;c30 cm.0 aEnseñanza científica y tecnológica. Colección de documentos ;v42 aCongreso celebrado en Sevilla, 24 al 29 de septiembre 199024aEducación matemáticaxCongresos, conferencias, etc.